Statistics for Types of Jellyfish by Picture

Click here to take the quiz!

General Stats

  • This quiz has been taken 128 times
  • The average score is 3 of 8

Answer Stats

Answer% Correct
{Portuguese} {man-o-war}
83%
{moon} jelly
71%
{lion's} {mane}
52%
{comb} jellies
34%
Pacific sea {nettle}s
32%
{Irukandji} jellyfish
23%
{sea} {wasp}
16%
{crystal} jelly
13%

Score Distribution

Percentile by Number Answered

Percent of People with Each Score

Your Score History

You have not taken this quiz